000
00318nam a2200109Ia 4500
008
200302s9999 xx 000 0 und d
100
_a
Iftekhar ahmed and Others
245
_a
Re- imagining bengal architecture built environment and cultural heritage
260
_b
Copal Publishing Group
260
_c
2018
300
_a
125
999
_c
7327
_d
7327